<?xml version="1.0" encoding="UTF-8"?>
<marc:record xmlns:marc="http://www.loc.gov/MARC21/slim">
   <marc:leader>00000nam a2200000 a 4500</marc:leader>
   <marc:datafield ind1="1" ind2=" " tag="100">
      <marc:subfield code="a">Klingholz, Reiner</marc:subfield>
   </marc:datafield>
   <marc:datafield ind1=" " ind2=" " tag="653">
      <marc:subfield code="a">Ethik</marc:subfield>
   </marc:datafield>
   <marc:datafield ind1=" " ind2=" " tag="653">
      <marc:subfield code="a">Gentechnologie</marc:subfield>
   </marc:datafield>
   <marc:datafield ind1=" " ind2=" " tag="653">
      <marc:subfield code="a">Technikfolgenabschätzung</marc:subfield>
   </marc:datafield>
   <marc:datafield ind1=" " ind2=" " tag="653">
      <marc:subfield code="a">Forschung</marc:subfield>
   </marc:datafield>
   <marc:datafield ind1=" " ind2=" " tag="653">
      <marc:subfield code="a">Wissenschaft</marc:subfield>
   </marc:datafield>
   <marc:datafield ind1="0" ind2="0" tag="245">
      <marc:subfield code="a">Die Welt nach Maß</marc:subfield>
   </marc:datafield>
   <marc:datafield ind1="0" ind2="0" tag="245">
      <marc:subfield code="b">Gentechnik - Geschichte, Chancen und Risiken</marc:subfield>
   </marc:datafield>
   <marc:datafield ind1=" " ind2="1" tag="264">
      <marc:subfield code="a">Braunschweig</marc:subfield>
      <marc:subfield code="b">Westermann</marc:subfield>
      <marc:subfield code="c">1988</marc:subfield>
   </marc:datafield>
   <marc:datafield ind1="1" ind2=" " tag="520">
      <marc:subfield code="a">Die Verheißungen der Gentechnik sind groß: Mit Superfplanzen soll der Hunger in der Dritten Welt besiegt werden. Impfungen gegen Krebs und Aids sollen Krankheit und Leid lindern, maßgeschneiderte Bakterien sollen Schadstoffe wie Dioxin vernichten. Kritiker der Gentechnik befürchten, daß gefährliche Mikroben ungewollt aus dem Labor entweichen könnten, oder daß man sie gar bewußt für biologische Waffen züchten könnte. Sie protestieren gegen eine alle Möglichkeiten der Wissenschaft ausreizende Landwirtschaft, die das natürliche Gleichgewicht aus seinen letzten Angeln heben könnte. Und sie beschwören die Eigendynamik des Forschungsbetriebes, der gegen ethische Bedenken letztlich doch alles Machbare Wirklichkeit werden läßt. Beschrieben werden die Geschichte der Gentechnik, ihre Chancen und Risiken, aber auch ihr wirtschaftliches Potential und ihre Auswirkungen auf Gesellschaft und Natur. Die Beiträge stammen u.a. v. R. Klingholz, Mathias Greffrath, Günter Altner, E.U.v.Weizsäcker.</marc:subfield>
   </marc:datafield>
   <marc:datafield ind1="0" ind2=" " tag="490">
      <marc:subfield code="v">0</marc:subfield>
   </marc:datafield>
   <marc:datafield ind1=" " ind2=" " tag="542">
      <marc:subfield code="d">Klingholz, Reiner</marc:subfield>
   </marc:datafield>
   <marc:datafield ind1=" " ind2=" " tag="300">
      <marc:subfield code="a">199 S.</marc:subfield>
   </marc:datafield>
</marc:record>
